Environmental law

Main Author: Kubasek
Other Authors: Silverman,
Language:English
Published: Englewood Cliffs, N.J.: Prentice Hall, 1994.
Subjects:
LEADER 00638cam a2200193 7i4500
001 0000011591
005 20061125090000.0
008 930519s1994 njua b 001 0 eng
010 # # |a 93004938 
020 0 0 |a 0132851075 :  
090 0 0 |a KF 3775   |b Z9 K8 
100 1 0 |a Kubasek  
245 0 1 |a Environmental law   |c Nancy K. Kubasek, Gary S. Silverman. 
260 0 0 |a Englewood Cliffs, N.J.:   |b Prentice Hall,   |c 1994. 
300 # # |a x, 294 p.:   |b ill.;   |c 23 cm.. 
504 0 0 |a Includes bibliographical references and index 
650 0 0 |a Environmental law --   |z United States  
700 1 1 |a Silverman,   |h Gary  
999 |a 1000384231  |b Book  |c Open Shelf  |e KOLEKSI TERBUKA